000 00299nam a2200133Ia 4500
008 230312s9999||||xx |||||||||||||| ||und||
082 _a330
_bMUN-E
100 _aMunir Ahmad Butta
245 0 _aEconomics
260 _bAzeem Academy
_aPakistan
546 _aEng.
650 _aEconomics
942 _cBK
999 _c6261
_d6261